Vista normal
Vista MARC
Entrada Topical Term
Número de registros utilizados en: 1
001 - CONTROL NUMBER
- control field: 65270
003 - CONTROL NUMBER IDENTIFIER
- control field: OSt
005 - DATE AND TIME OF LATEST TRANSACTION
- control field: 20251003212121.0
008 - FIXED-LENGTH DATA ELEMENTS
- fixed length control field: 251003|| aca||aabn | a|a d
040 ## - CATALOGING SOURCE
- Original cataloging agency: OSt
- Transcribing agency: OSt
150 ## - HEADING--TOPICAL TERM
- Topical term or geographic name entry element: Maíz
- General subdivision: Cultivo
- General subdivision: Historia
- General subdivision: Literatura infantil
670 ## - SOURCE DATA FOUND
- Source citation: Work cat.: (OSt)59338: Fernández Gutiérrez, Gloria Lucía. 65267, Aventuras ilustradas de el maíz /